[Event "Nakhchivan 100th Ann Rep op"]
[Site "Nakhchivan"]
[Date "2024.01.12"]
[Round "5"]
[White "Aliyev, Aykhan"]
[Black "Israilov, Agil"]
[Result "1/2-1/2"]
[WhiteElo "1962"]
[BlackElo "2114"]
[PlyCount "42"]
[EventDate "2024.01.10"]
[EventType "swiss"]
[EventRounds "9"]
[EventCountry "AZE"]
[SourceTitle "CBM 218 Extra"]
[Source "ChessBase"]
[SourceDate "2024.03.31"]
[SourceVersion "1"]
[SourceVersionDate "2024.03.31"]
[SourceQuality "1"]

1. e4 c5 2. Nf3 e6 3. d4 cxd4 4. Nxd4 a6 5. Bd3 Nf6 6. 0-0 d6 7. c4 g6 8. Nc3 Bg7 9. Qe2 0-0 10. Be3 Qc7 11. Rae1 Nbd7 12. Kh1 b6 13. f4 Bb7 14. Bg1 Nc5 15. Bb1 Rac8 16. Nf3 Rfe8 17. Bd4 Ncd7 18. Bd3 Nc5 19. Bb1 Ncd7 20. Bd3 Nc5 21. Bb1 Ncd7 1/2-1/2

[Event "Nakhchivan Premium 2"]
[Site "Nakhchivan"]
[Date "2022.01.22"]
[Round "8"]
[White "Aliyev, Aykhan"]
[Black "Gabulov, Ilkin"]
[Result "1-0"]
[WhiteElo "1983"]
[BlackElo "1602"]
[PlyCount "115"]
[EventDate "2022.01.14"]
[EventType "tourn"]
[EventRounds "11"]
[EventCountry "AZE"]
[SourceTitle "CBM 206 Extra"]
[Source "ChessBase"]
[SourceDate "2022.03.31"]
[SourceVersion "1"]
[SourceVersionDate "2022.03.31"]
[SourceQuality "1"]

1. e4 c6 2. d4 d5 3. exd5 cxd5 4. c4 Nf6 5. Nc3 Nc6 6. Bg5 Bg4 7. Qd2 e6 8. f3 Bf5 9. cxd5 exd5 10. Nge2 Be7 11. Ng3 Bg6 12. Bd3 Bxd3 13. Qxd3 h6 14. Be3 0-0 15. 0-0 Nb4 16. Qd2 Qd7 17. Rfe1 Rfe8 18. Bxh6 gxh6 19. Qxh6 Nh7 20. Nh5 Bf8 21. Qxh7+ Kxh7 22. Nf6+ Kg7 23. Nxd7 Red8 24. Nxf8 Nc2 25. Ne6+ fxe6 26. Rad1 Nxe1 27. Rxe1 Kf6 28. h4 Rh8 29. g3 Rac8 30. Kg2 Rc4 31. Rd1 b5 32. Rd2 Rhc8 33. Kh3 b4 34. Na4 Rc2 35. Rd3 Kf5 36. Re3 Rd2 37. Nc5 Rc6 38. Nd3 Rcc2 39. g4+ Kf6 40. g5+ Kf7 41. Kg4 Kg7 42. Kh5 Re2 43. Re5 Rxe5 44. dxe5 Re2 45. f4 Rc2 46. Nxb4 Rxb2 47. Nc6 Rxa2 48. Nd4 Ra6 49. g6 Rb6 50. Kg5 a5 51. h5 a4 52. h6+ Kg8 53. Kf6 a3 54. h7+ Kh8 55. Nf3 Rb7 56. Ng5 a2 57. Nf7+ Rxf7+ 58. Kxf7 1-0

[Event "Nakhchivan Premium 2"]
[Site "Nakhchivan"]
[Date "2022.01.15"]
[Round "2"]
[White "Aliyev, Aykhan"]
[Black "Sevdimaliyev, Urfan"]
[Result "1/2-1/2"]
[WhiteElo "1983"]
[BlackElo "2353"]
[PlyCount "55"]
[EventDate "2022.01.14"]
[EventType "tourn"]
[EventRounds "11"]
[EventCountry "AZE"]
[SourceTitle "CBM 206 Extra"]
[Source "ChessBase"]
[SourceDate "2022.03.31"]
[SourceVersion "1"]
[SourceVersionDate "2022.03.31"]
[SourceQuality "1"]

1. e4 c5 2. Nf3 Nf6 3. Nc3 d5 4. exd5 Nxd5 5. d4 Nxc3 6. bxc3 g6 7. Bb5+ Bd7 8. Be2 Bg7 9. 0-0 Qa5 10. Bd2 0-0 11. Ne5 Bc8 12. Re1 Nc6 13. Nxc6 bxc6 14. Bf3 Qc7 15. Qe2 cxd4 16. Qxe7 Qxe7 17. Rxe7 dxc3 18. Be3 Bf5 19. Bxc6 Rab8 20. Rc1 Rb2 21. Ba4 Rxa2 22. Bb3 Ra5 23. Rxa7 Rxa7 24. Bxa7 Bh6 25. Re1 Rd8 26. Bb6 Bd2 27. Bxd8 Bxe1 28. Bf6 1/2-1/2

[Event "Nakhchivan Premium"]
[Site "Nakhchivan"]
[Date "2021.03.25"]
[Round "4"]
[White "Babayeva, Nasrin"]
[Black "Aliyev, Aykhan"]
[Result "1-0"]
[WhiteElo "1564"]
[BlackElo "1683"]
[PlyCount "57"]
[EventDate "2021.03.22"]
[EventType "tourn"]
[EventRounds "11"]
[EventCountry "AZE"]
[SourceTitle "CBM 202 Extra"]
[Source "ChessBase"]
[SourceDate "2021.07.31"]
[SourceVersion "1"]
[SourceVersionDate "2021.07.31"]
[SourceQuality "1"]

1. c4 Nf6 2. Nc3 e6 3. g3 Be7 4. Bg2 d5 5. b3 c5 6. e3 b6 7. Nge2 Bb7 8. Nf4 Na6 9. Bb2 Nc7 10. cxd5 exd5 11. d4 0-0 12. 0-0 Bd6 13. dxc5 Bxf4 14. exf4 bxc5 15. Na4 Na6 16. Rc1 Rc8 17. Qd2 Re8 18. Ba3 Qd6 19. Qa5 Nd7 20. Rfd1 Rc7 21. Nc3 Nf6 22. Nb5 Qb6 23. Qxb6 axb6 24. Nxc7 Nxc7 25. Re1 Ra8 26. Re7 Nfe8 27. Bb2 Kf8 28. Re2 Rxa2 29. Bxg7+ 1-0